Vista normal
Vista MARC
Entrada Título uniforme
Número de registros utilizados en: 3
001 - NÚMERO DE CONTROL
- campo de control: 84817
003 - IDENTIFICADOR DEL NÚMERO DE CONTROL
- campo de control: DO-SdBNP
005 - FECHA Y HORA DE LA ÚLTIMA TRANSACCIÓN
- campo de control: 20240130135824.0
008 - DATOS DE LONGITUD FIJA
- campo de control de longitud fija: 240130|| aca||aabn | a|a d
040 ## - FUENTE DE LA CATALOGACIÓN
- Centro catalogador/agencia de origen: DO-SdBNP
- Centro/agencia transcriptor: DO-SdBNP
130 ## - ENCABEZAMIENTO--TÍTULO UNIFORME
- Título uniforme: Iglesia católica
- Subdivisión general: Catecismos
670 ## - FUENTE DE DATOS ENCONTRADOS
- Cita de la fuente: Work cat.: (DO-SdBNP)47844: Iglesia Católica. Conferencia del Episcopado Dominicano. 46310, Catecismo de la Iglesia Católica.
